| 000 | 00690cam a2200157ua 4500 | ||
|---|---|---|---|
| 041 |
_aeng _h |
||
| 082 |
_a028.703 _bFIN/GO |
||
| 110 | 1 |
_aFinance department . _b _c() |
|
| 245 |
_aGovernment orders on the report of the commossion for enquiry in to scales of pay / _cFinance depatrment. _hTextual Documents |
||
| 250 |
_a1 / _b. |
||
| 260 |
_a : _bGoverment of Kerala , _c1969. |
||
| 300 | _a230 ; . | ||
| 504 | _a | ||
| 942 | _cBK | ||
| 999 |
_c7802 _d7802 |
||